[Event "COL-ch (Women)"]
[Site "Quibdo"]
[Date "2015.11.13"]
[Round "6"]
[White "Velasco, Luz Mariela"]
[Black "De la Rosa, Elisa"]
[Result "1-0"]
[WhiteElo "1770"]
[BlackElo "1549"]
[PlyCount "85"]
[EventDate "2015.11.10"]
[EventType "swiss"]
[EventRounds "9"]
[EventCountry "COL"]
[SourceTitle "CBM 169 Extra"]
[Source "ChessBase"]
[SourceDate "2015.12.18"]
[SourceVersion "1"]
[SourceVersionDate "2015.12.18"]
[SourceQuality "1"]

1. d4 d5 2. c4 e6 3. Nc3 Nf6 4. b3 Be7 5. e3 Nbd7 6. Bd3 b6 7. cxd5 exd5 8. Nf3 Bb7 9. 0-0 0-0 10. Bb2 Rc8 11. Ne5 c5 12. f4 cxd4 13. exd4 a6 14. Qf3 Rc7 15. g4 Bb4 16. Ne2 Ne4 17. Qh3 f6 18. Nf3 h6 19. a3 Bd6 20. Nh4 Qe8 21. Nf5 Be7 22. Nxe7+ Qxe7 23. a4 Re8 24. Ba3 Qe6 25. Rfe1 Qf7 26. Ng3 Nxg3 27. Qxg3 Rc3 28. Bh7+ Kxh7 29. Qxc3 Rxe1+ 30. Rxe1 Qg6 31. h3 h5 32. Re7 hxg4 33. h4 Qf5 34. Qe3 a5 35. Bc1 Ba6 36. Kf2 Nf8 37. Kg3 Ng6 38. Ra7 Bf1 39. Qf2 Bh3 40. Qe3 Qh5 41. f5 Qxf5 42. Qh6+ Kg8 43. Qxg7# 1-0

[Event "Bogota Superate Intercol Adv-B (Women)"]
[Site "Bogota"]
[Date "2014.10.28"]
[Round "3.12"]
[White "De la Rosa, Elisa"]
[Black "Rios Franco, Lina Paola"]
[Result "0-1"]
[WhiteElo "1544"]
[BlackElo "1321"]
[PlyCount "96"]
[EventDate "2014.10.28"]
[EventType "swiss (blitz)"]
[EventRounds "8"]
[EventCountry "COL"]
[SourceTitle "EXT 2024"]
[Source "ChessBase"]
[SourceDate "2023.10.10"]
[SourceVersion "1"]
[SourceVersionDate "2023.10.10"]
[SourceQuality "1"]

1. e4 e5 2. Nf3 Nc6 3. d4 d6 4. dxe5 dxe5 5. Qxd8+ Nxd8 6. Nxe5 Bg4 7. Nxg4 Bb4+ 8. c3 Ba5 9. b4 Bb6 10. Be3 Nf6 11. Nd2 Nxg4 12. Bxb6 cxb6 13. f3 Ne5 14. h3 0-0 15. Be2 Rc8 16. Rc1 Re8 17. 0-0 Ne6 18. f4 Nc6 19. b5 Na5 20. f5 Nc5 21. Bf3 Rcd8 22. Rfd1 a6 23. c4 Nd3 24. Rc2 Nb4 25. Rcc1 Nxa2 26. Ra1 Nc3 27. Rdc1 Rxd2 28. Rxc3 Red8 29. Rac1 R2d4 30. Kh2 Rc8 31. bxa6 bxa6 32. c5 b5 33. e5 b4 34. Rc4 Rxc4 35. Rxc4 Nxc4 36. Be2 Nxe5 37. Bxa6 Rxc5 38. Be2 b3 39. g4 b2 40. Kg3 b1Q 41. Kf4 Qb4+ 42. Kg3 Rc3+ 43. Kf2 Qf4+ 44. Ke1 Qc1+ 45. Kf2 Nd3+ 46. Kg2 Qe3 47. Kf1 Rc1+ 48. Kg2 Qf2# 0-1

[Event "Bogota Superate Intercol Adv-B (Women)"]
[Site "Bogota"]
[Date "2014.10.28"]
[Round "2.11"]
[White "Garzon, Rosshillary"]
[Black "De la Rosa, Elisa"]
[Result "1-0"]
[WhiteElo "1460"]
[BlackElo "1544"]
[PlyCount "83"]
[EventDate "2014.10.28"]
[EventType "swiss (blitz)"]
[EventRounds "8"]
[EventCountry "COL"]
[SourceTitle "EXT 2024"]
[Source "ChessBase"]
[SourceDate "2023.10.10"]
[SourceVersion "1"]
[SourceVersionDate "2023.10.10"]
[SourceQuality "1"]

1. e4 c5 2. Nf3 d6 3. Bc4 e5 4. 0-0 Nc6 5. c3 g6 6. d4 exd4 7. cxd4 cxd4 8. Nxd4 Bg7 9. Nxc6 bxc6 10. Nc3 Ne7 11. Re1 0-0 12. e5 dxe5 13. Qxd8 Rxd8 14. Bg5 Re8 15. Ne4 h6 16. Nd6 Rd8 17. Bxe7 Rd7 18. Nxc8 Rxc8 19. Bc5 Kh7 20. Rad1 Rcd8 21. Rxd7 Rxd7 22. h4 f6 23. Be6 Rd8 24. Bxa7 Rd2 25. b4 f5 26. Be3 Rd6 27. Bc8 Rd8 28. Bb7 Rb8 29. Bxc6 Rxb4 30. Rc1 f4 31. Bc5 Rb8 32. a4 g5 33. hxg5 hxg5 34. Be4+ Kh6 35. Bd6 Rd8 36. Rc6 Kh5 37. Be7 Kg4 38. Bxd8 Bf6 39. Bxf6 Kh5 40. Bg7 Kg4 41. Bf3+ Kf5 42. Rf6# 1-0

[Event "Bogota Superate Intercol Adv-B (Women)"]
[Site "Bogota"]
[Date "2014.10.??"]
[Round "6.10"]
[White "Martinez, Claudia Marcela"]
[Black "De la Rosa, Elisa"]
[Result "0-1"]
[WhiteElo "1607"]
[BlackElo "1544"]
[PlyCount "32"]
[EventDate "2014.10.25"]
[EventType "swiss (rapid)"]
[EventRounds "6"]
[EventCountry "COL"]
[SourceTitle "EXT 2024"]
[Source "ChessBase"]
[SourceDate "2023.10.10"]
[SourceVersion "1"]
[SourceVersionDate "2023.10.10"]
[SourceQuality "1"]

1. e4 e5 2. Nf3 Nc6 3. Bc4 d6 4. d3 Be7 5. Nc3 Be6 6. Bxe6 fxe6 7. Be3 d5 8. Qd2 d4 9. Nb5 dxe3 10. Qxe3 a6 11. Nc3 Nd4 12. Rc1 Bc5 13. Qg5 Nxf3+ 14. gxf3 Qxg5 15. Rg1 Qxc1+ 16. Nd1 Qh6 0-1

[Event "COL-ch sf (Women)"]
[Site "Medellin"]
[Date "2014.??.??"]
[Round "6"]
[White "Castano, Saray"]
[Black "De la Rosa, Elisa"]
[Result "0-1"]
[WhiteElo "1317"]
[BlackElo "1600"]
[PlyCount "134"]
[EventDate "2014.04.15"]
[EventType "swiss"]
[EventRounds "9"]
[EventCountry "COL"]
[SourceTitle "CBM 160 Extra"]
[Source "ChessBase"]
[SourceDate "2014.07.01"]
[SourceVersion "1"]
[SourceVersionDate "2014.07.01"]
[SourceQuality "1"]

1. e4 e5 2. Nf3 Nc6 3. Nc3 Bb4 4. a3 Ba5 5. Bc4 Nf6 6. Bd3 d6 7. 0-0 0-0 8. Re1 Bg4 9. Nd5 Nd4 10. Nxf6+ Qxf6 11. Be2 Nxf3+ 12. Bxf3 Bxf3 13. Qxf3 Qxf3 14. gxf3 f5 15. Kf1 Bb6 16. Re2 Rf7 17. d3 Raf8 18. Be3 fxe4 19. dxe4 Rxf3 20. Bxb6 axb6 21. Kg2 c6 22. Rd1 R8f6 23. Rd3 Rxd3 24. cxd3 Kf7 25. Rd2 d5 26. exd5 cxd5 27. d4 e4 28. Rc2 Rc6 29. Rxc6 bxc6 30. f3 Ke6 31. Kf2 c5 32. dxc5 bxc5 33. Ke3 exf3 34. Kxf3 Ke5 35. a4 Kd6 36. Kf4 d4 37. Ke4 h5 38. h4 g6 39. Kd3 Kc6 40. Kc4 Kb6 41. a5+ Kxa5 42. b3 Kb6 43. b4 cxb4 44. Kxb4 d3 45. Kc3 d2 46. Kxd2 Kc5 47. Ke3 Kd5 48. Kf4 Ke6 49. Kg5 Kf7 50. Kf4 Ke6 51. Kg5 Kf7 52. Kf4 Kf6 53. Kg3 Ke5 54. Kf3 Kf5 55. Kg3 Ke4 56. Kh3 Kf4 57. Kh2 Kg4 58. Kg2 Kxh4 59. Kh2 Kg4 60. Kg2 g5 61. Kh2 Kf3 62. Kh3 g4+ 63. Kh2 h4 64. Kg1 Kg3 65. Kh1 h3 66. Kg1 h2+ 67. Kh1 Kf2 0-1

[Event "COL-ch sf (Women)"]
[Site "Medellin"]
[Date "2014.??.??"]
[Round "7"]
[White "De la Rosa, Elisa"]
[Black "Quintero Gomez, Maria Clara"]
[Result "0-1"]
[WhiteElo "1600"]
[BlackElo "1511"]
[PlyCount "110"]
[EventDate "2014.04.15"]
[EventType "swiss"]
[EventRounds "9"]
[EventCountry "COL"]
[SourceTitle "CBM 160 Extra"]
[Source "ChessBase"]
[SourceDate "2014.07.01"]
[SourceVersion "1"]
[SourceVersionDate "2014.07.01"]
[SourceQuality "1"]

1. e4 c6 2. d4 d5 3. Nc3 dxe4 4. Nxe4 Bf5 5. Bd3 e6 6. Nf3 Nf6 7. Qe2 Bg4 8. h3 Bxf3 9. Qxf3 Qxd4 10. c3 Qd8 11. Bg5 Be7 12. Rd1 Nxe4 13. Bxe4 Qc7 14. Bxe7 Qxe7 15. 0-0 0-0 16. Rfe1 Nd7 17. Bc2 Nf6 18. Qe3 Nd5 19. Qe4 g6 20. Kh1 Qg5 21. Rd3 Rad8 22. Red1 Nf6 23. Qf3 Rxd3 24. Qxd3 Nd5 25. a3 Nf4 26. Qf3 f5 27. c4 e5 28. g3 Nxh3 29. Bb3 Qh6 30. c5+ Kh8 31. Qe3 Qxe3 32. fxe3 Nf2+ 33. Kg2 Nxd1 34. Bxd1 Rd8 35. Bb3 Rd2+ 36. Kf3 Rxb2 37. Be6 Kg7 38. Bc8 Kf6 39. g4 fxg4+ 40. Kxg4 h5+ 41. Kh4 Rb3 42. e4 Re3 43. Bxb7 Rxe4+ 44. Kg3 h4+ 45. Kh3 g5 46. Bxc6 Rc4 47. Be8 Rxc5 48. a4 Kf5 49. Bh5 Kf4 50. a5 Rc3+ 51. Kh2 h3 52. a6 g4 53. Bxg4 Kxg4 54. Kg1 Kg3 55. Kh1 Rc1# 0-1

[Event "COL-ch sf (Women)"]
[Site "Medellin"]
[Date "2014.??.??"]
[Round "1"]
[White "De la Rosa, Elisa"]
[Black "Romero, Daniela"]
[Result "0-1"]
[WhiteElo "1600"]
[BlackElo "1939"]
[PlyCount "109"]
[EventDate "2014.04.15"]
[EventType "swiss"]
[EventRounds "9"]
[EventCountry "COL"]
[SourceTitle "CBM 160 Extra"]
[Source "ChessBase"]
[SourceDate "2014.07.01"]
[SourceVersion "1"]
[SourceVersionDate "2014.07.01"]
[SourceQuality "1"]

1. e4 c5 2. Nf3 d6 3. d4 cxd4 4. Nxd4 Nf6 5. Nc3 a6 6. f4 e6 7. Bc4 Be7 8. Be3 0-0 9. Qf3 Qc7 10. Bd3 Nbd7 11. f5 Ne5 12. Qg3 Nfg4 13. Bf4 Qd8 14. Nf3 Qb6 15. Rb1 Bf6 16. Kd2 Bd7 17. h3 Nxf3+ 18. gxf3 Qf2+ 19. Qxf2 Nxf2 20. Rh2 Nxd3 21. cxd3 Be5 22. Bxe5 dxe5 23. fxe6 Bxe6 24. Ke3 Rad8 25. Rd1 Rd6 26. h4 b5 27. a3 Rfd8 28. Rhd2 Bb3 29. Rf1 Rh6 30. Rh1 Rhd6 31. Rc1 g6 32. Rg1 Bc4 33. Rgd1 Bb3 34. Rg1 Kg7 35. h5 Be6 36. Rg5 Kf6 37. f4 exf4+ 38. Kxf4 Kg7 39. Rg3 Bc4 40. hxg6 hxg6 41. Nd5 Bxd5 42. exd5 Rxd5 43. Re3 Rf5+ 44. Kg4 Rfd5 45. Kf4 Rd4+ 46. Kf3 R8d5 47. Ke2 Rh4 48. Rf3 Rh2+ 49. Rf2 Rdh5 50. d4 Rxf2+ 51. Kxf2 Rh2+ 52. Ke3 Rxd2 53. Kxd2 Kf6 54. Ke3 Ke6 55. Kf4 0-1

[Event "COL-ch sf (Women)"]
[Site "Medellin"]
[Date "2014.??.??"]
[Round "4"]
[White "Rodriguez Zarama, Sandra Lizeth"]
[Black "De la Rosa, Elisa"]
[Result "1-0"]
[WhiteElo "1740"]
[BlackElo "1600"]
[PlyCount "81"]
[EventDate "2014.04.15"]
[EventType "swiss"]
[EventRounds "9"]
[EventCountry "COL"]
[SourceTitle "CBM 160 Extra"]
[Source "ChessBase"]
[SourceDate "2014.07.01"]
[SourceVersion "1"]
[SourceVersionDate "2014.07.01"]
[SourceQuality "1"]

1. d4 d5 2. c4 Nf6 3. Nc3 e6 4. Bf4 Bb4 5. Nf3 0-0 6. e3 Ne4 7. Qc2 c6 8. Bd3 Nf6 9. 0-0 h6 10. a3 Bd6 11. Be5 Kh8 12. Rfe1 Qe7 13. Bxf6 Qxf6 14. e4 Qd8 15. cxd5 Bc7 16. dxe6 fxe6 17. e5 Bb6 18. Re4 g5 19. Qd2 Qe7 20. h4 Bd8 21. Rg4 Rf4 22. Rxf4 gxf4 23. Qxf4 Qg7 24. Ne4 Be7 25. Nf6 Nd7 26. Ng4 Bf8 27. h5 b6 28. Nh4 Bb7 29. Ng6+ Kg8 30. Bc4 Re8 31. Nxf8 Nxf8 32. Nf6+ Kf7 33. Nxe8+ Kxe8 34. Rd1 c5 35. g3 Qf7 36. Qxf7+ Kxf7 37. dxc5 bxc5 38. f4 Ke7 39. g4 Bf3 40. Rd2 Bxg4 41. Rd3 1-0